000
00273nam a22001097a 4500
082
_a
515.07 SAL'M
100
_a
SALVADORI, M.G
_9
56527
245
_a
THE MATHEMATICAL SOLUTION OF ENGINEERING PROBLEMS
260
_a
NEWYORK
_b
MCGRAW HILL
_c
1948
300
_a
245P
942
_c
BK
999
_c
566916
_d
566916